|
|
|
|
| LEADER |
01156nam a2200289 a 4500 |
| 001 |
3287156 |
| 008 |
820723r19861982enka b 001 0 eng d |
| 999 |
|
|
|c 6116
|d 6116
|
| 010 |
|
|
|a 82181906
|
| 020 |
|
|
|a 0091447909 :
|c £19.95
|
| 020 |
|
|
|a 0091447917 (pbk.)
|
| 040 |
|
|
|a DLC
|c DLC
|d DLC
|d BD-DhAAL
|
| 082 |
0 |
0 |
|a 330.91724
|2 19
|
| 245 |
0 |
0 |
|a Rural development :
|b theories of peasant economy and agrarian change /
|c edited by John Harriss.
|
| 260 |
|
|
|a London :
|b Hutchinson,
|c 1982.[reprinted 1986]
|
| 300 |
|
|
|a 409 p. :
|b ill. ;
|c 23 cm.
|
| 490 |
0 |
|
|a Hutchinson university library for Africa
|
| 490 |
0 |
|
|a Hutchinson university library
|
| 504 |
|
|
|a Includes bibliographies and indexes.
|
| 541 |
1 |
|
|e 00003440
|
| 650 |
|
0 |
|a Rural development.
|9 32696
|
| 650 |
|
0 |
|a Peasants
|z Developing countries.
|9 32697
|
| 651 |
|
0 |
|a Developing countries
|x Economic conditions.
|9 32698
|
| 700 |
1 |
|
|a Harriss, John.
|9 32699
|
| 852 |
4 |
|
|a Ayesha Abed Library
|j General Shelf.
|
| 942 |
|
|
|2 ddc
|c BK
|
| 952 |
|
|
|0 0
|1 4
|2 ddc
|4 0
|6 330_917240000000000_RUR
|7 0
|9 6104
|a BRACUL
|b BRACUL
|c GEN
|d 2009-12-15
|g 952.00
|l 0
|o 330.91724 RUR
|p 3010003440
|r 2009-12-15
|t 1
|w 2009-12-15
|y BK
|x Koha Inventory 2020
|